Financial Times: guide to the financial markets (Record no. 43455)

MARC details
000 -LEADER
fixed length control field 01257nam a2200193 a 4500
008 - FIXED-LENGTH DATA ELEMENTS--GENERAL INFORMATION
fixed length control field 130509s2012 ||||||||||||||||| || u
020 ## - INTERNATIONAL STANDARD BOOK NUMBER
International Standard Book Number 9780273730002
050 ## - LIBRARY OF CONGRESS CALL NUMBER
Classification number HG 4027.3 Arn
100 ## - MAIN ENTRY--PERSONAL NAME
Personal name Arnold, Glen
245 10 - TITLE STATEMENT
Title Financial Times: guide to the financial markets
Statement of responsibility, etc. by Glen Arnold
260 ## - PUBLICATION, DISTRIBUTION, ETC.
Place of publication, distribution, etc. Harlow:
Name of publisher, distributor, etc. Financial Times Prentice Hall
Date of publication, distribution, etc. 2012
300 ## - PHYSICAL DESCRIPTION
Extent x, 564 p.: ill.
490 ## - SERIES STATEMENT
Series statement Financial Times guides
500 ## - GENERAL NOTE
General note Includes bibliographical references
505 ## - FORMATTED CONTENTS NOTE
Formatted contents note The purpose of financial markets -- An overview of the markets and institutions -- Banking : retail and corporate -- Investment banking -- Other types of banking -- Central banking -- Pooled investment funds -- Insurance -- Money markets -- Bond markets : governments and corporates -- Bond markets : the more exotic -- Equity markets -- Raising share capital -- Futures markets -- Options and swaps -- Foreign exchange markets -- Hedge funds and private equity -- Regulation of the financial sector -- The financial crisis.
650 #0 - SUBJECT ADDED ENTRY--TOPICAL TERM
Topical term or geographic name entry element MONEY MARKET--HANDBOOKS, MANUALS, ETC
650 ## - SUBJECT ADDED ENTRY--TOPICAL TERM
Topical term or geographic name entry element CORPORATIONS--FINANCE
995 ## - RECOMMENDATION 995 [LOCAL, UNIMARC FRANCE]
-- CBU-MAIN LIBRARY (Kitwe)
-- 1
-- AVAILABLE
-- May 9, 2013
-- Main Library Open Access Collection
Holdings
Withdrawn status Lost status Source of classification or shelving scheme Damaged status Not for loan Home library Current library Shelving location Date acquired Total Checkouts Full call number Barcode Date last seen Price effective from Koha item type
          CBU-MAIN LIBRARY, KITWE. CBU-MAIN LIBRARY, KITWE.   11/30/2022   HG 4027.3 Arn 743722 11/30/2022 11/30/2022 MONOGRAPH